[Event "Alicante IM 4th"]
[Site "Alicante"]
[Date "2025.07.03"]
[Round "7"]
[White "Yuste Valenzuela, Alejandro"]
[Black "Sanchez, Sebastian Felipe"]
[Result "0-1"]
[WhiteElo "2170"]
[BlackElo "2418"]
[PlyCount "98"]
[EventDate "2025.06.30"]
[EventType "tourn"]
[EventRounds "9"]
[EventCountry "ESP"]
[EventCategory "2"]
[SourceTitle "CB28_2025"]
[SourceDate "2025.07.09"]
[SourceVersion "1"]
[SourceVersionDate "2025.07.09"]
[SourceQuality "1"]

1. e4 c5 2. Nf3 e6 3. d4 cxd4 4. Nxd4 Nc6 5. Nc3 a6 6. g3 d6 7. Bg2 Bd7 8. 0-0 Nf6 9. Nxc6 Bxc6 10. a4 Be7 11. a5 0-0 12. Re1 Rc8 13. Be3 Nd7 14. Nb1 Bf6 15. Ra2 Qc7 16. c4 Rfd8 17. Qe2 Ra8 18. Rc1 Rdc8 19. Nd2 b6 20. Nb3 e5 21. axb6 Nxb6 22. Na5 Bd7 23. b4 Be6 24. Rac2 Be7 25. f4 Rab8 26. f5 Bd7 27. h4 Na4 28. Qe1 Qd8 29. c5 dxc5 30. bxc5 Bb5 31. c6 Qc7 32. Bd2 Ba3 33. Ra1 Bc5+ 34. Kh2 Bd4 35. Rac1 Nb2 36. Bf1 Bd3 37. f6 Rb5 38. h5 gxf6 39. Bxd3 Nxd3 40. Qd1 Nxc1 41. Rxc1 Kf8 42. Qa4 Kg7 43. h6+ Kh8 44. Qa3 Rb2 45. Nb3 Rb8 46. Rd1 R2xb3 47. Qxa6 R3b6 48. Qf1 Qxc6 49. Qf5 Qe6 0-1

[Event "Alicante IM 4th"]
[Site "Alicante"]
[Date "2025.07.02"]
[Round "5"]
[White "Deusa Ballesteros, Lucas"]
[Black "Sanchez, Sebastian Felipe"]
[Result "1/2-1/2"]
[WhiteElo "2141"]
[BlackElo "2418"]
[PlyCount "65"]
[EventDate "2025.06.30"]
[EventType "tourn"]
[EventRounds "9"]
[EventCountry "ESP"]
[EventCategory "2"]
[SourceTitle "CB28_2025"]
[SourceDate "2025.07.09"]
[SourceVersion "1"]
[SourceVersionDate "2025.07.09"]
[SourceQuality "1"]

1. d4 Nf6 2. c4 e6 3. g3 d5 4. Bg2 Be7 5. Nf3 0-0 6. 0-0 dxc4 7. Qc2 b5 8. a4 b4 9. Nfd2 Nd5 10. Nxc4 c5 11. dxc5 Ba6 12. Ne3 Nd7 13. Nxd5 exd5 14. c6 Rc8 15. Bf4 Nc5 16. Rd1 Bc4 17. c7 Qd7 18. Nd2 Bxe2 19. Nb3 Bxd1 20. Rxd1 Nxb3 21. Qxb3 Rxc7 22. Bxc7 Qxc7 23. Bxd5 a5 24. Qc4 Qa7 25. b3 Bf6 26. Qe2 g6 27. Bc4 Kg7 28. Kg2 Rc8 29. Qe4 Rc5 30. Rd5 Qb7 31. Qf3 Rxd5 32. Qxd5 Qxd5+ 33. Bxd5 1/2-1/2

[Event "Alicante IM 4th"]
[Site "Alicante"]
[Date "2025.07.01"]
[Round "4"]
[White "Sanchez, Sebastian Felipe"]
[Black "Pardo Ruiz, Carlos"]
[Result "1/2-1/2"]
[WhiteElo "2418"]
[BlackElo "2190"]
[PlyCount "125"]
[EventDate "2025.06.30"]
[EventType "tourn"]
[EventRounds "9"]
[EventCountry "ESP"]
[EventCategory "2"]
[SourceTitle "CB28_2025"]
[SourceDate "2025.07.09"]
[SourceVersion "1"]
[SourceVersionDate "2025.07.09"]
[SourceQuality "1"]

1. Nf3 d5 2. g3 e6 3. Bg2 Nf6 4. 0-0 c5 5. d4 cxd4 6. Nxd4 e5 7. Nb3 Be6 8. Nc3 Be7 9. f4 exf4 10. gxf4 g6 11. Nd4 Nc6 12. Nxe6 fxe6 13. Kh1 Qa5 14. Bd2 Qb6 15. e3 0-0-0 16. Qe2 Kb8 17. a3 Na5 18. b3 Rc8 19. Rfc1 Rhd8 20. Na4 Qc7 21. Bh3 Rd6 22. Qe1 Nc6 23. c4 dxc4 24. Rxc4 b5 25. Nc5 Qb6 26. Rc2 Rxd2 27. Qxd2 Bxc5 28. b4 Bxe3 29. Qd6+ Rc7 30. Re1 Ne4 31. Qxe6 Nf2+ 32. Kg2 Nxh3 33. Qxh3 Bxf4 34. Re8+ Kb7 35. Qf3 Bd6 36. Qd5 Be7 37. Re2 Bh4 38. R8e4 Bd8 39. Rc2 a6 40. Re6 Qd4 41. Qf3 Qd7 42. Qe4 g5 43. h3 h5 44. Kf1 Qd1+ 45. Kg2 Qd4 46. Qf3 g4 47. hxg4 hxg4 48. Qf5 Ne5 49. Re2 Nf3 50. Qe4+ Kb8 51. Re3 Qd2+ 52. Re2 Qd4 53. Re3 Qd2+ 54. Re2 Qd1 55. Rb6+ Ka7 56. Rxa6+ Kxa6 57. Qa8+ Ra7 58. Re6+ Bb6 59. Qc8+ Rb7 60. Qa8+ Ra7 61. Qc8+ Rb7 62. Qa8+ Ra7 63. Qc8+ 1/2-1/2

[Event "Alicante IM 4th"]
[Site "Alicante"]
[Date "2025.06.30"]
[Round "2"]
[White "Lamaze, Simon"]
[Black "Sanchez, Sebastian Felipe"]
[Result "1/2-1/2"]
[WhiteElo "2424"]
[BlackElo "2418"]
[PlyCount "76"]
[EventDate "2025.06.30"]
[EventType "tourn"]
[EventRounds "9"]
[EventCountry "ESP"]
[EventCategory "2"]
[SourceTitle "CB28_2025"]
[SourceDate "2025.07.09"]
[SourceVersion "1"]
[SourceVersionDate "2025.07.09"]
[SourceQuality "1"]

1. d4 Nf6 2. c4 e6 3. Nc3 Bb4 4. e3 0-0 5. Bd3 Re8 6. Nge2 d5 7. 0-0 b6 8. a3 Bf8 9. cxd5 exd5 10. b4 Bb7 11. Nf4 Nbd7 12. Qb3 c6 13. f3 a5 14. Rb1 axb4 15. axb4 Rb8 16. e4 dxe4 17. fxe4 c5 18. Bc4 cxd4 19. Bxf7+ Kh8 20. Ncd5 Rxe4 21. Nxf6 Nxf6 22. Qh3 Rxf4 23. Bxf4 Bc8 24. Be6 Bxe6 25. Qxe6 Qe8 26. Qf5 Rd8 27. Rbe1 Qg6 28. Qxg6 hxg6 29. Be5 Bxb4 30. Rb1 Bc5 31. Rxf6 Re8 32. Rxg6 d3+ 33. Kf1 Rxe5 34. Rg3 d2 35. Rd3 Bb4 36. Rxb4 Re1+ 37. Kf2 d1Q 38. Rxd1 Rxd1 1/2-1/2

[Event "San Vicente op 9th"]
[Site "San Vicente"]
[Date "2025.04.18"]
[Round "4"]
[White "Sanchez, Sebastian Felipe"]
[Black "Chavez Suarez, Carlos Alberto"]
[Result "1-0"]
[WhiteElo "2415"]
[BlackElo "2308"]
[PlyCount "93"]
[EventDate "2025.04.16"]
[EventType "swiss"]
[EventRounds "9"]
[EventCountry "ESP"]
[SourceTitle "CB17_2025"]
[SourceDate "2025.04.23"]
[SourceVersion "1"]
[SourceVersionDate "2025.04.23"]
[SourceQuality "1"]

1. Nf3 Nf6 2. g3 c5 3. c4 Nc6 4. Bg2 g6 5. Nc3 Bg7 6. d4 cxd4 7. Nxd4 0-0 8. 0-0 a6 9. c5 Qa5 10. Nb3 Qd8 11. Bf4 Nh5 12. Bg5 h6 13. Be3 Ne5 14. Nd5 d6 15. cxd6 exd6 16. Bb6 Qd7 17. Rc1 Nc6 18. Qd2 Nf6 19. Nc7 Rb8 20. Rfd1 Qg4 21. h3 Qh5 22. g4 Qe5 23. f4 Qe7 24. Qxd6 Qxe2 25. Rd2 Qe7 26. Qxe7 Nxe7 27. Ba7 Nd7 28. Nc5 Nxc5 29. Rxc5 b6 30. Rcc2 Rb7 31. Bxb7 Bxb7 32. Bxb6 Rc8 33. Rd7 Nd5 34. Nxd5 Rxc2 35. Rxb7 Rxb2 36. Rb8+ Kh7 37. Bc7 Bd4+ 38. Kf1 Rf2+ 39. Ke1 Rg2 40. Be5 Bxe5 41. fxe5 h5 42. Nf6+ Kh6 43. gxh5 Rxa2 44. Rh8+ Kg7 45. Rh7+ Kf8 46. hxg6 fxg6 47. e6 1-0

[Event "San Vicente op 9th"]
[Site "San Vicente"]
[Date "2025.04.17"]
[Round "3"]
[White "Bhagat, Kush"]
[Black "Sanchez, Sebastian Felipe"]
[Result "1/2-1/2"]
[WhiteElo "2301"]
[BlackElo "2415"]
[PlyCount "214"]
[EventDate "2025.04.16"]
[EventType "swiss"]
[EventRounds "9"]
[EventCountry "ESP"]
[SourceTitle "CB17_2025"]
[SourceDate "2025.04.23"]
[SourceVersion "1"]
[SourceVersionDate "2025.04.23"]
[SourceQuality "1"]

1. e4 e6 2. d4 d5 3. Nd2 Nf6 4. e5 Nfd7 5. Bd3 c5 6. c3 Nc6 7. Ne2 cxd4 8. cxd4 f6 9. exf6 Nxf6 10. 0-0 Bd6 11. Nf3 Qc7 12. Bg5 0-0 13. Bh4 Nh5 14. Qc2 h6 15. Bh7+ Kh8 16. Bg6 Rxf3 17. gxf3 Bxh2+ 18. Kg2 Nf4+ 19. Nxf4 Qxf4 20. Bg3 Bxg3 21. fxg3 Qxd4 22. Be8 e5 23. Bxc6 bxc6 24. Qxc6 Rb8 25. Rad1 Qe3 26. Qc1 Qb6 27. Rd2 Bb7 28. Qc3 d4 29. Qa3 Re8 30. Kh2 Qf6 31. Rdf2 Ba6 32. Qa4 Re6 33. Rd1 e4 34. Rfd2 exf3 35. Qxd4 Qxd4 36. Rxd4 Re2+ 37. Kh3 Rxb2 38. R4d2 Rb6 39. g4 Be2 40. Rc1 Rf6 41. Kg3 f2 42. Rxe2 f1Q 43. Rxf1 Rxf1 44. Re7 a6 45. Ra7 Rf6 46. Kh4 Kh7 47. Kg3 Rc6 48. a4 Rc3+ 49. Kf2 Rc4 50. Rxa6 Rxg4 51. Kf3 h5 52. a5 Ra4 53. Ra8 g5 54. a6 h4 55. a7 g4+ 56. Kf2 Ra2+ 57. Kg1 h3 58. Rb8 Rxa7 59. Rb4 Rg7 60. Kh2 Kh6 61. Kg3 Kh5 62. Rb5+ Rg5 63. Rb8 Rg7 64. Rb5+ Rg5 65. Rb8 Rg6 66. Rb5+ Kh6 67. Rb8 Kg5 68. Rb5+ Kf6 69. Rb6+ Kf5 70. Rb5+ Ke4 71. Rb4+ Kd3 72. Rb1 Rh6 73. Rh1 Ke3 74. Re1+ Kd2 75. Rh1 Rg6 76. Ra1 Kd3 77. Ra3+ Kc4 78. Ra4+ Kb3 79. Ra1 Kb2 80. Rh1 Kc2 81. Ra1 Rg8 82. Ra2+ Kc3 83. Ra1 Rg7 84. Rc1+ Kd2 85. Ra1 Rh7 86. Ra2+ Ke3 87. Ra3+ Ke4 88. Ra4+ Ke5 89. Ra5+ Kd4 90. Ra4+ Kd3 91. Ra3+ Kc4 92. Ra2 Kc3 93. Rh2 Rg7 94. Ra2 Rg5 95. Rh2 Kd3 96. Ra2 Ke4 97. Ra4+ Kf5 98. Ra6 Rg8 99. Ra5+ Kf6 100. Ra6+ Kg5 101. Ra5+ Kh6 102. Ra6+ Kh5 103. Ra5+ Rg5 104. Ra8 Rb5 105. Rh8+ Kg5 106. Rg8+ Kh5 107. Rh8+ Kg5 1/2-1/2

[Event "Titled Tuesday intern op 11th Mar Early"]
[Site "Chess.com INT"]
[Date "2025.03.11"]
[Round "4"]
[White "Kocharin, Timur"]
[Black "Sanchez, Sebastian Felipe"]
[Result "0-1"]
[WhiteElo "2266"]
[BlackElo "2422"]
[PlyCount "85"]
[EventDate "2025.03.11"]
[EventType "swiss (blitz)"]
[EventRounds "11"]
[EventCountry "USA"]
[SourceTitle "CB12_2025"]
[SourceDate "2025.03.19"]
[SourceVersion "1"]
[SourceVersionDate "2025.03.19"]
[SourceQuality "1"]

1. e4 c5 2. Nf3 e6 3. c3 d5 4. exd5 Qxd5 5. d4 Nf6 6. Na3 Nc6 7. Nb5 Qd8 8. Be3 a6 9. Na3 cxd4 10. cxd4 Bb4+ 11. Bd2 Bxa3 12. bxa3 Nxd4 13. Bb4 Nc6 14. Bc5 Qa5+ 15. Bb4 Nxb4 16. axb4 Qxb4+ 17. Nd2 Ne4 18. Bd3 Nxd2 19. Qxd2 Qxd2+ 20. Kxd2 Ke7 21. Rac1 Rd8 22. Ke3 Rb8 23. h4 h6 24. g4 b5 25. g5 Bb7 26. Rhg1 hxg5 27. hxg5 Rbc8 28. Rxc8 Rxc8 29. g6 f5 30. f4 Kf6 31. Kd4 Rd8+ 32. Kc3 b4+ 33. Kc2 a5 34. Rg3 Bd5 35. Kb2 Rc8 36. Bb5 Rc3 37. Rxc3 bxc3+ 38. Kxc3 Bxa2 39. Be8 Bd5 40. Kd4 Bf3 41. Bf7 Bh5 42. Be8 Bxg6 43. Ba4 0-1

[Event "Catalunya-chT Gp1 Title"]
[Site "Barcelona"]
[Date "2025.03.01"]
[Round "2.4"]
[White "Sanchez, Sebastian Felipe"]
[Black "Magem Badals, Jordi"]
[Result "1/2-1/2"]
[WhiteElo "2422"]
[BlackElo "2483"]
[PlyCount "150"]
[EventDate "2025.02.22"]
[EventType "team-k.o."]
[EventRounds "4"]
[EventCountry "ESP"]
[SourceTitle "CB14_2025"]
[SourceDate "2024.11.01"]
[SourceVersion "1"]
[SourceVersionDate "2024.11.01"]
[SourceQuality "1"]
[WhiteTeam "Mollet"]
[BlackTeam "Colon Sabadell"]
[WhiteTeamCountry "ESP"]
[BlackTeamCountry "ESP"]

1. c4 e6 2. Nf3 d5 3. g3 Nf6 4. Bg2 Be7 5. 0-0 0-0 6. b3 b6 7. Bb2 Bb7 8. e3 c5 9. Qe2 dxc4 10. bxc4 Nc6 11. Rd1 Qc8 12. Nc3 Rd8 13. Rac1 a6 14. d3 b5 15. cxb5 axb5 16. Nxb5 Rxa2 17. Nc3 Ra8 18. Nd2 Nb4 19. Nc4 Bxg2 20. Kxg2 Qb7+ 21. f3 Nfd5 22. Ne4 Ra2 23. Rd2 Nb6 24. h4 Nxd3 25. Ncd6 Rxd6 26. Nxd6 Nxc1 27. Bxc1 Rxd2 28. Qxd2 Qd7 29. Ne4 Qxd2+ 30. Bxd2 f5 31. Nc3 g6 32. e4 Kf7 33. Kf2 Ke8 34. Ke2 Kd7 35. Kd3 Bf6 36. Bg5 Bg7 37. g4 fxg4 38. fxg4 Kc6 39. Nd1 c4+ 40. Kc2 Nd7 41. Bf4 Nc5 42. Nc3 Nd3 43. Be3 h5 44. gxh5 gxh5 45. Ne2 Be5 46. Bd4 Bd6 47. Kc3 Kb5 48. Bf6 Bb4+ 49. Kd4 Bc5+ 50. Kc3 e5 51. Kc2 Bb4 52. Ng3 Ne1+ 53. Kd1 c3 54. Bg5 c2+ 55. Ke2 Ng2 56. Kd3 Nxh4 57. Kxc2 Nf3 58. Bf6 h4 59. Nf1 h3 60. Kd3 Bc5 61. Ke2 Ng1+ 62. Kd3 Bd4 63. Nh2 Kc6 64. Bh4 Kd6 65. Kd2 Kc5 66. Kd3 Kb4 67. Be1+ Kb3 68. Bg3 Kb2 69. Kd2 Kb3 70. Kd3 Kb4 71. Ng4 Nf3 72. Ke2 Ng5 73. Nxe5 Nxe4 74. Kf3 Nxg3 75. Kxg3 Bxe5+ 1/2-1/2

[Event "Catalunya-chT Gp1 Title"]
[Site "Barcelona"]
[Date "2025.02.22"]
[Round "1.3"]
[White "Sanchez, Sebastian Felipe"]
[Black "Travesset Sagre, Jan"]
[Result "1-0"]
[WhiteElo "2423"]
[BlackElo "2338"]
[PlyCount "63"]
[EventDate "2025.02.22"]
[EventType "team-k.o."]
[EventRounds "4"]
[EventCountry "ESP"]
[SourceTitle "CB11_2025"]
[SourceDate "2025.03.12"]
[SourceVersion "1"]
[SourceVersionDate "2025.03.12"]
[SourceQuality "1"]
[WhiteTeam "Mollet"]
[BlackTeam "Sant Andreu"]
[WhiteTeamCountry "ESP"]
[BlackTeamCountry "ESP"]

1. e4 e5 2. Bc4 Nf6 3. d3 Bc5 4. Nc3 c6 5. Nf3 d6 6. 0-0 Bg4 7. h3 Bh5 8. g4 Nxg4 9. hxg4 Bxg4 10. Kg2 Qf6 11. Rh1 b5 12. Bb3 h5 13. Rh3 Bxh3+ 14. Kxh3 Nd7 15. Bg5 Qg6 16. Qe2 Nf6 17. Rg1 Ng4 18. Nd1 0-0 19. Ne3 Bxe3 20. Bxe3 Qf6 21. Bg5 Qg6 22. Be7 Rfe8 23. Nh4 Qh6 24. Nf5 Qf4 25. f3 Rxe7 26. fxg4 Re6 27. Bxe6 fxe6 28. Ne7+ Kh7 29. gxh5 g5 30. Rf1 Qh4+ 31. Kg2 g4 32. Rf7+ 1-0

[Event "Titled Tuesday intern op 11th Feb Early"]
[Site "Chess.com INT"]
[Date "2025.02.11"]
[Round "8"]
[White "Sanchez, Sebastian Felipe"]
[Black "Denisenko, Denis"]
[Result "1-0"]
[WhiteElo "2423"]
[BlackElo "1934"]
[PlyCount "91"]
[EventDate "2025.02.11"]
[EventType "swiss (blitz)"]
[EventRounds "11"]
[EventCountry "USA"]
[SourceTitle "CB09_2025"]
[SourceDate "2025.02.27"]
[SourceVersion "1"]
[SourceVersionDate "2025.02.27"]
[SourceQuality "1"]

1. d4 d5 2. Nf3 Nf6 3. c4 c6 4. g3 Bg4 5. Ne5 Bh5 6. Nc3 e6 7. Bg2 Nbd7 8. cxd5 exd5 9. h3 Bd6 10. f4 Bg6 11. 0-0 0-0 12. f5 Nxe5 13. dxe5 Bxe5 14. fxg6 Bxg3 15. gxh7+ Nxh7 16. e4 d4 17. Ne2 Be5 18. Nf4 Qd6 19. Nd3 Bh2+ 20. Kh1 Bg3 21. Qg4 Nf6 22. Rxf6 Qxf6 23. Qxg3 Rfe8 24. Bf4 c5 25. Rf1 c4 26. Be5 Qg6 27. Nc5 b6 28. Na6 Rad8 29. Nc7 Re7 30. Nd5 Red7 31. Qxg6 fxg6 32. Bxd4 Re8 33. a4 Re6 34. h4 Rdd6 35. Bc3 a6 36. Nf4 Re8 37. e5 Rdd8 38. Bd5+ Kh7 39. Be4 Kh6 40. Bxg6 Re7 41. h5 b5 42. axb5 axb5 43. Kg2 Rb8 44. Bd2 Kg5 45. Ne6+ Kg4 46. Rf4# 1-0

[Event "Catalunya-chT Gp1"]
[Site "Barcelona"]
[Date "2025.02.08"]
[Round "4.5"]
[White "Gonzalez Rodriguez, Jorge Armando"]
[Black "Sanchez, Sebastian Felipe"]
[Result "1/2-1/2"]
[WhiteElo "2213"]
[BlackElo "2422"]
[PlyCount "67"]
[EventDate "2025.01.18"]
[EventType "team-tourn"]
[EventRounds "5"]
[EventCountry "ESP"]
[SourceTitle "CB10_2025"]
[SourceDate "2025.03.05"]
[SourceVersion "1"]
[SourceVersionDate "2025.03.05"]
[SourceQuality "1"]
[WhiteTeam "Figueres"]
[BlackTeam "Mollet"]
[WhiteTeamCountry "ESP"]
[BlackTeamCountry "ESP"]

1. b3 d5 2. e3 Nf6 3. Bb2 Bf5 4. Bxf6 exf6 5. d4 Nd7 6. Bd3 Be6 7. Ne2 Bd6 8. c4 c6 9. 0-0 f5 10. Nbc3 a6 11. c5 Bc7 12. b4 Nf6 13. h3 0-0 14. a4 Qe7 15. Qd2 Rfe8 16. Ng3 g6 17. Rfe1 Bd7 18. Nf1 h5 19. b5 axb5 20. axb5 b6 21. bxc6 Bxc6 22. Nb5 Bxb5 23. Bxb5 Reb8 24. c6 Ra5 25. Qb2 Ne4 26. Bd3 Qd6 27. Bb5 h4 28. Rec1 f6 29. Bd3 g5 30. Bxe4 fxe4 31. f3 exf3 32. gxf3 f5 33. Qf2 Rxa1 34. Rxa1 1/2-1/2

[Event "Titled Tuesday intern op 04th Feb Late"]
[Site "Chess.com INT"]
[Date "2025.02.04"]
[Round "5"]
[White "Lau, Lut Yin Luke"]
[Black "Sanchez, Sebastian Felipe"]
[Result "0-1"]
[WhiteElo "2239"]
[BlackElo "2423"]
[PlyCount "56"]
[EventDate "2025.02.04"]
[EventType "swiss (blitz)"]
[EventRounds "11"]
[EventCountry "USA"]
[SourceTitle "CB07_2025"]
[SourceDate "2025.02.12"]
[SourceVersion "1"]
[SourceVersionDate "2025.02.12"]
[SourceQuality "1"]

1. e3 Nf6 2. c4 c6 3. b3 d5 4. Bb2 Bf5 5. Nf3 e6 6. Be2 h6 7. 0-0 a5 8. Nc3 Na6 9. d4 Be7 10. Rc1 0-0 11. h3 Bd6 12. Bd3 Bxd3 13. Qxd3 Qe7 14. e4 Nb4 15. Qe2 Nxe4 16. Nxe4 dxe4 17. Qxe4 Nxa2 18. d5 Nxc1 19. Rxc1 exd5 20. Qd4 Qf6 21. Qd2 Qf4 22. Qc3 Qf6 23. Qc2 Qg6 24. Qc3 dxc4 25. Qxc4 Rfe8 26. Rd1 Rad8 27. Rd4 Qb1+ 28. Bc1 Ba3 0-1

[Event "Titled Tuesday intern op 04th Feb Late"]
[Site "Chess.com INT"]
[Date "2025.02.04"]
[Round "7"]
[White "Van der Werf, Mark"]
[Black "Sanchez, Sebastian Felipe"]
[Result "0-1"]
[WhiteElo "2416"]
[BlackElo "2423"]
[PlyCount "108"]
[EventDate "2025.02.04"]
[EventType "swiss (blitz)"]
[EventRounds "11"]
[EventCountry "USA"]
[SourceTitle "CB07_2025"]
[SourceDate "2025.02.12"]
[SourceVersion "1"]
[SourceVersionDate "2025.02.12"]
[SourceQuality "1"]

1. Nf3 d5 2. c4 c6 3. g3 Nf6 4. Bg2 Bg4 5. Ne5 Be6 6. cxd5 Bxd5 7. Nf3 Nbd7 8. Nc3 e6 9. Nxd5 exd5 10. 0-0 Bd6 11. d3 0-0 12. Nd4 Re8 13. Nf5 Bf8 14. b3 a5 15. a3 Nc5 16. Bb2 g6 17. Nd4 Bg7 18. Rc1 Qb6 19. Qc2 Ne6 20. Nxe6 Rxe6 21. e3 Qa6 22. b4 axb4 23. axb4 Qb5 24. Bd4 Nd7 25. Bxg7 Kxg7 26. Qc3+ Kg8 27. Bh3 Re7 28. Ra1 Rae8 29. Bxd7 Rxd7 30. Ra5 Qb6 31. Rfa1 d4 32. exd4 Qxd4 33. Qxd4 Rxd4 34. Ra7 Rxb4 35. Kg2 Kg7 36. R1a3 Re2 37. Ra2 Rxa2 38. Rxa2 Rb3 39. Rd2 Kf6 40. Kf3 Ke5 41. Ke3 c5 42. Rc2 Kd5 43. Kd2 b5 44. Ke2 Ra3 45. Rb2 b4 46. Ke3 h5 47. h4 f6 48. Rb1 Kc6 49. Ke4 Kb5 50. d4 c4 51. d5 c3 52. d6 c2 53. Rc1 b3 54. d7 Ra8 0-1

[Event "Catalunya-chT Gp1"]
[Site "Barcelona"]
[Date "2025.01.25"]
[Round "2.3"]
[White "Ribera Veganzones, Josep Maria"]
[Black "Sanchez, Sebastian Felipe"]
[Result "0-1"]
[WhiteElo "2141"]
[BlackElo "2422"]
[PlyCount "90"]
[EventDate "2025.01.18"]
[EventType "team-tourn"]
[EventRounds "5"]
[EventCountry "ESP"]
[SourceTitle "CB07_2025"]
[SourceDate "2025.02.12"]
[SourceVersion "1"]
[SourceVersionDate "2025.02.12"]
[SourceQuality "1"]
[WhiteTeam "Geva CEA"]
[BlackTeam "Mollet"]
[WhiteTeamCountry "ESP"]
[BlackTeamCountry "ESP"]

1. e4 c6 2. d4 d5 3. e5 Bf5 4. Nf3 e6 5. Be2 a6 6. 0-0 Bg6 7. c3 c5 8. Be3 Nd7 9. Nbd2 Nh6 10. Bxh6 gxh6 11. Nb3 c4 12. Nbd2 b5 13. Ne1 Nb6 14. f4 Na4 15. Qc1 Qa5 16. a3 Rg8 17. Kh1 h5 18. g3 Be7 19. Ng2 0-0-0 20. Rf2 f6 21. Nh4 f5 22. Ndf3 Kd7 23. Ng2 Rb8 24. Nfh4 Rgc8 25. Bf3 Qd8 26. Qd1 Qe8 27. Qe2 a5 28. Ne3 Nb6 29. Rff1 Kd8 30. Ra2 Rc7 31. Bg2 Ra8 32. Nf3 Rca7 33. Rfa1 Qd7 34. Qc2 b4 35. axb4 axb4 36. Rxa7 Rxa7 37. Rxa7 Qxa7 38. cxb4 Qa1+ 39. Bf1 Bxb4 40. Kg2 Qa2 41. Nd1 Na4 42. Qf2 Qb3 43. Ng5 Qxd1 44. Nxe6+ Kd7 45. Ng5 Be1 0-1

[Event "Mexico City Revolucion"]
[Site "Mexico City"]
[Date "2024.11.18"]
[Round "9"]
[White "Cori Quispe, Kevin Joel"]
[Black "Sanchez, Sebastian Felipe"]
[Result "1/2-1/2"]
[WhiteElo "2455"]
[BlackElo "2376"]
[PlyCount "56"]
[EventDate "2024.11.13"]
[EventType "tourn"]
[EventRounds "9"]
[EventCountry "MEX"]
[EventCategory "8"]
[SourceTitle "CB47_2024"]
[SourceDate "2024.11.20"]
[SourceVersion "1"]
[SourceVersionDate "2024.11.20"]
[SourceQuality "1"]

1. e4 e5 2. Nf3 Nc6 3. Bb5 Nf6 4. 0-0 Nxe4 5. d4 Nd6 6. Bxc6 dxc6 7. dxe5 Nf5 8. Qxd8+ Kxd8 9. Rd1+ Ke8 10. h3 h5 11. Nc3 Be7 12. Ne2 Nh4 13. Nxh4 Bxh4 14. Be3 Be7 15. f3 Bf5 16. c3 h4 17. Nd4 Bd7 18. a4 a5 19. Bf4 Rc8 20. Rd2 c5 21. e6 fxe6 22. Nb5 Bxb5 23. axb5 b6 24. Re1 Rf8 25. Bh2 Rf6 26. Be5 Rf7 27. Bh2 Rf6 28. Be5 Rf7 1/2-1/2

[Event "Mexico City Revolucion"]
[Site "Mexico City"]
[Date "2024.11.16"]
[Round "6"]
[White "Sanchez, Sebastian Felipe"]
[Black "Galaviz Medina, Sion Radamantys"]
[Result "1-0"]
[WhiteElo "2376"]
[BlackElo "2507"]
[PlyCount "87"]
[EventDate "2024.11.13"]
[EventType "tourn"]
[EventRounds "9"]
[EventCountry "MEX"]
[EventCategory "8"]
[SourceTitle "CB47_2024"]
[SourceDate "2024.11.20"]
[SourceVersion "1"]
[SourceVersionDate "2024.11.20"]
[SourceQuality "1"]

1. Nf3 d5 2. d4 Nf6 3. Bf4 c5 4. e3 Nc6 5. Nbd2 Bg4 6. c3 e6 7. Qb3 Qc8 8. Nh4 Be7 9. h3 Bh5 10. g4 Bg6 11. Nxg6 hxg6 12. Be2 Qd7 13. dxc5 Bxc5 14. g5 Ng8 15. 0-0-0 Nge7 16. Ne4 Bb6 17. Bg4 Na5 18. Qb4 0-0 19. h4 Qe8 20. Nd6 Qc6 21. h5 Bc5 22. Qxa5 Bxd6 23. Bxd6 Qxd6 24. hxg6 Nxg6 25. f4 Rac8 26. Be2 Rfe8 27. Bd3 Ne7 28. Rh3 g6 29. Qxa7 e5 30. Bb5 Red8 31. Rdh1 Kf8 32. fxe5 Qc5 33. Rh8+ Ng8 34. Qxc5+ Rxc5 35. a4 d4 36. exd4 Rxd4 37. e6 fxe6 38. R1h7 Rd8 39. Rxb7 Rxg5 40. a5 Rf5 41. a6 Rf7 42. Rxf7+ Kxf7 43. Bc6 Kg7 44. Rxg8+ 1-0

[Event "Mexico City Revolucion"]
[Site "Mexico City"]
[Date "2024.11.14"]
[Round "3"]
[White "Lopez Gonzalez, Abel Fabian"]
[Black "Sanchez, Sebastian Felipe"]
[Result "0-1"]
[WhiteElo "2431"]
[BlackElo "2376"]
[PlyCount "152"]
[EventDate "2024.11.13"]
[EventType "tourn"]
[EventRounds "9"]
[EventCountry "MEX"]
[EventCategory "8"]
[SourceTitle "CB47_2024"]
[SourceDate "2024.11.20"]
[SourceVersion "1"]
[SourceVersionDate "2024.11.20"]
[SourceQuality "1"]

1. e4 e6 2. d4 d5 3. e5 c5 4. c3 Nc6 5. Nf3 Qb6 6. a3 c4 7. Nbd2 Bd7 8. Rb1 Na5 9. h4 Qc7 10. Be2 Ne7 11. 0-0 Nc8 12. Ne1 Nb6 13. f4 Ba4 14. Nc2 g6 15. Bg4 h5 16. Bh3 Nc8 17. Nf3 Ne7 18. Be3 Nf5 19. Bf2 Bh6 20. g3 0-0-0 21. Qe2 Bxc2 22. Qxc2 Nb3 23. Rfd1 a5 24. a4 b5 25. axb5 a4 26. Qe2 Kb7 27. Nd2 Ra8 28. Bg2 Nxd2 29. Qxd2 Ra5 30. Ra1 Rha8 31. Ra2 Qd7 32. Rda1 Qxb5 33. Bf3 Bf8 34. Bd1 Kc7 35. Qc1 Be7 36. Bc2 Kd8 37. Kh2 R8a7 38. Be1 Qa6 39. Bd2 a3 40. bxa3 Bxa3 41. Qh1 Qb5 42. Rb1 Qc6 43. Rb8+ Kc7 44. Qb1 Be7 45. Rxa5 Rxa5 46. Bxf5 exf5 47. Bc1 Ra7 48. Rh8 Qb7 49. Qxb7+ Rxb7 50. Rh7 Rb1 51. Rxf7 Kd8 52. Be3 Re1 53. Bf2 Rc1 54. Rg7 Rxc3 55. Rxg6 Rc1 56. g4 c3 57. gxf5 Rf1 58. Be3 Re1 59. f6 Ba3 60. Rg8+ Kd7 61. Ra8 Re2+ 62. Kg1 Rxe3 63. Rxa3 Re1+ 64. Kf2 c2 65. Ra7+ Kc6 66. Ra5 c1Q 67. Rc5+ Qxc5 68. dxc5 Re4 69. Kf3 Kd7 70. c6+ Ke6 71. c7 Rc4 72. f5+ Kf7 73. Ke3 Rxc7 74. Kd4 Rc4+ 75. Kxd5 Rxh4 76. Kd6 Rd4+ 0-1

[Event "Mexico City Revolucion"]
[Site "Mexico City"]
[Date "2024.11.13"]
[Round "1"]
[White "Gonzalez Zamora, Juan Carlos"]
[Black "Sanchez, Sebastian Felipe"]
[Result "0-1"]
[WhiteElo "2476"]
[BlackElo "2376"]
[PlyCount "116"]
[EventDate "2024.11.13"]
[EventType "tourn"]
[EventRounds "9"]
[EventCountry "MEX"]
[EventCategory "8"]
[SourceTitle "CB47_2024"]
[SourceDate "2024.11.20"]
[SourceVersion "1"]
[SourceVersionDate "2024.11.20"]
[SourceQuality "1"]

1. d4 d5 2. Nf3 c6 3. g3 Nf6 4. Bg2 Bg4 5. c4 e6 6. Nc3 Be7 7. h3 Bh5 8. Ne5 Nbd7 9. g4 Bg6 10. Nxg6 hxg6 11. g5 Nh7 12. cxd5 exd5 13. h4 0-0 14. Qd3 Re8 15. Bd2 b5 16. e3 Nb6 17. b3 Nf8 18. Ne2 Ba3 19. 0-0 Qd7 20. f4 Qf5 21. Qxf5 gxf5 22. Kf2 Ne6 23. Rad1 Nc8 24. Nc1 Nd6 25. Nd3 Ne4+ 26. Bxe4 fxe4 27. Ne5 c5 28. f5 Nf8 29. Bc1 cxd4 30. exd4 Bd6 31. Ng4 Rac8 32. Ne3 Bf4 33. Nxd5 Rc2+ 34. Kg1 Bxc1 35. Rxc1 Rxa2 36. Rc7 e3 37. g6 fxg6 38. f6 Re4 39. Rxg7+ Kh8 40. Rf4 Re6 41. Re7 e2 42. Re4 Ra1+ 43. Kf2 e1Q+ 44. Rxe1 Raxe1 45. Rf7 Nh7 46. Rxa7 R1e4 47. Kf3 Re1 48. Kf2 R6e2+ 49. Kf3 Re8 50. Ne7 Rf1+ 51. Kg4 Rxf6 52. h5 gxh5+ 53. Kxh5 Rf7 54. Nc6 Rxa7 55. Nxa7 b4 56. Nc6 Nf6+ 57. Kg6 Nd5 58. Kf7 Re4 0-1